|
|
|
|
| LEADER |
00000cam a2200000 a 4500 |
| 001 |
vtls010576534 |
| 003 |
SK-MaSNL |
| 005 |
20260425223314.0 |
| 008 |
240314s2013 xo a f n 000 0 slo |
| 015 |
|
|
|a SNBA2014/04
|
| 020 |
|
|
|a 9788089568987
|q (brož.)
|
| 035 |
|
|
|a urn:nbn:sk:snk-am00a0s0
|
| 035 |
|
|
|a urn:nbn:sk:snk-am3hchb
|
| 035 |
|
|
|a 7FE906B1-B438-470D-8CE4-D4F59D2B9262
|
| 040 |
|
|
|a SNK
|b slo
|c SNK
|e AACR2
|
| 041 |
0 |
|
|a slo
|
| 043 |
|
|
|a e-xo---
|
| 044 |
|
|
|a xo
|c SK
|
| 072 |
|
7 |
|a 796
|x Šport. Hry. Telesné cvičenia
|2 konspekt
|
| 080 |
|
|
|a 796.412.2
|2 2001
|
| 080 |
|
|
|a (437.6)
|2 2001
|
| 080 |
|
|
|a (048.8)
|2 2001
|
| 100 |
1 |
|
|a Švedová, Milena,
|d 1978-
|4 aut
|9 197113
|
| 245 |
1 |
0 |
|a Moderná gymnastika na Slovensku
|c Milena Švedová
|
| 250 |
|
|
|a 1. vyd.
|
| 260 |
|
|
|a Prešov
|b Bookman
|c 2013
|
| 300 |
|
|
|a 103 s.
|b sch., tab.
|c 21 cm
|
| 366 |
|
|
|e 150 výt.
|
| 504 |
|
|
|a Bibliogr.: s. 79-83
|
| 650 |
0 |
7 |
|a moderná gymnastika
|2 SNKPH
|9 768
|
| 650 |
0 |
7 |
|a Modern gymnastics
|2 SNKPHeng
|9 335678
|
| 651 |
|
7 |
|a Slovensko
|2 SNKPH
|9 14231
|
| 651 |
|
7 |
|a Slovakia
|2 SNKPHeng
|9 92630
|
| 655 |
|
7 |
|a monografie
|2 SNKPH
|9 70139
|
| 655 |
|
7 |
|a Monographs
|2 SNKPHeng
|9 120675
|
| 700 |
1 |
|
|a Schönová, Libuša,
|d 1950-2012
|4 hnr
|9 167973
|
| 919 |
|
|
|a 978-80-89568-98-7
|
| 958 |
|
|
|a NB
|
| 999 |
|
|
|c 582057
|d 583987
|
| 952 |
|
|
|a SNK
|b SNK
|y PREZ
|7 0
|p 17A1104971
|o snkSC 158328
|i snk2014/5431
|8 0
|0 0
|1 0
|4 0
|d 2014-02-25
|f 1
|l 0
|r 2025-08-20 00:00:00
|w 2026-02-23
|
| 952 |
|
|
|a SNK
|b SNK
|y VYP
|7 0
|p 17A1104972
|o snkSC 158328 D1
|i snk2014/5432
|8 0
|0 0
|1 0
|4 0
|d 2014-02-25
|l 0
|r 2026-02-23 14:55:54
|w 2026-02-23
|